00544nam a2200205 a 4500001001300000003000900013005001700022008004100039020000900080082001300089100002700102245002300129260004400152300000900196500003500205505001600240650002800256650002700284700002700311nice12345678IN_TiNIC20260116011712.0050524s1970 bana grp 000 0 eng  ac1000a190bVAD aVadakethala, Francis J aDiscovery of Being aBangalorebDharmaram Publicationsc1970 a148p aincludes index and biblioraphy2 aBibl, Index aPhilosophy-Epistomology aMetaphysics-Philosophy1 aVadakethala, Francis J